| 000 -ლიდერი |
| ფიქსირებული სიგრძის საკონტროლო ველი |
00901nam a22001937a 4500 |
| 003 - საკონტროლო ნომრის იდენტიფიკატორი |
| საკონტროლო ველი |
Ge_BSU |
| 005 - ბოლო ოპერაციის თარიღი და დრო |
| საკონტროლო ველი |
20250305165302.0 |
| 008 - ფიქსირებული სიგრძის მონაცემთა ელემენტები - ზოგადი ინფორმაცია |
| ფიქსირებული სიგრძის საკონტროლო ველი |
250305s1965 ge ||||| |||| 00| 0 geo d |
| 041 ## - ენის კოდი |
| Language code of text/sound track or separate title |
geo |
| 080 ## - უნივერსალური ათობითი კლასიფიკაციის ინდექსი |
| Universal Decimal Classification number |
611(075.8) ნ-19 |
| 100 ## - მთავარი ჩანაწერი - პიროვნების სახელი |
| Personal name |
ნათიშვილი, ა. |
| 9 (RLIN) |
23488 |
| 245 ## - ცნობა სათაურის შესახებ |
| Title |
ადამიანის ნორმალური ანატომია : |
| Remainder of title |
[სახელმძღვ. სამედ. ინ-ტის სტუდენტებისათვის] / |
| Statement of responsibility, etc |
ა. ნათიშვილი. |
| 250 ## - გამოცემის ცნობა |
| Edition statement |
მე-2 გამოცემა |
| 264 ## - წარმოების, გამოცემის, დისტრიბუციის და სხვა ცნობები |
| გამოცემის, წარმოების, დისტრიბუციის... ადგილი |
თბილისი : |
| გამოცემის, წარმოების, დისტრიბუციის... სახელწოდება |
განათლება, |
| გამოცემის, წარმოების, დისტრიბუციის... თარიღი |
1965. |
| 300 ## - ფიზიკური აღწერა |
| Extent |
624 გვ. : |
| Other physical details |
1ფ. პორტრ. ილ. ; |
| Dimensions |
27 სმ. |
| 653 ## - INDEX TERM--UNCONTROLLED |
| Uncontrolled term |
ადამიანის ნორმალური ანატომია |
| 653 ## - INDEX TERM--UNCONTROLLED |
| Uncontrolled term |
მედიცინა |
| 942 ## - ADDED ENTRY ELEMENTS (KOHA) |
| Source of classification or shelving scheme |
|
| Koha item type |
წიგნი |